| 000 | 00889nam a2200253Ia 4500 | ||
|---|---|---|---|
| 003 | OSt | ||
| 005 | 20220918171356.0 | ||
| 006 | a|||||r|||| 00| 0 | ||
| 007 | ta | ||
| 008 | 220917b |||||||| |||| 00| 0 eng d | ||
| 020 |
_a9781580469296 (hbk) _cUKP 60.00 |
||
| 024 | _a352,796 | ||
| 037 |
_b4406, 12/02/2020, Govinda Book House _cTextual |
||
| 040 |
_aARTS _cARTS _beng |
||
| 041 |
_2eng _aeng |
||
| 082 | _aV595:1973, Q8 | ||
| 100 |
_aHux Reed Vivian [...et al] Ed. _936167 |
||
| 245 | 0 |
_aAmerican in warsaw _b selected writings of Hugh S. Gibson, us minister to poland 1919-1924 |
|
| 260 |
_aNew York _bUniversity of Rochester Press USA _c2018 |
||
| 300 |
_axxvii,546p. _ccm. |
||
| 650 |
_aFOREIGN RELATIONS; HISTORY _931568 |
||
| 942 |
_hV595:1973, Q8 _cTEXL _2CC |
||
| 999 |
_c139269 _d139269 |
||